| 000 | 01023 a2200253 4500 | ||
|---|---|---|---|
| 003 | Nust | ||
| 005 | 20221215142618.0 | ||
| 010 | _a 89011339 | ||
| 020 | _a0836800338 | ||
| 040 | _cNust | ||
| 082 | 0 | 0 | _a304.2,BRO |
| 100 | 1 |
_aBrown, Robert, _9100149 |
|
| 245 | 1 | 4 |
_aThe changing face of earth / _cRobert Brown. |
| 260 |
_aMilwaukee : _bG. Stevens Children's Books, _c1990. |
||
| 300 |
_a64 p. : _bcol. ill. ; _c26 cm. |
||
| 440 | 0 |
_aMy first reference library _9100150 |
|
| 505 | _aThe Changing Earth (Page-4), The Environment (Page-10), Farming (Page-16), Settlements (Page-24), Commerce and Industry (Page-32), Transpiration (Page-40), Landscape Under Pressure (Page-48), Knowing What is Happing (Page-54). | ||
| 650 | 0 |
_aLandscape changes _xJuvenile literature. _9104991 |
|
| 650 | 0 |
_aLandscape changes. _925595 |
|
| 650 | 0 |
_aNature _xEffect of human beings on _xJuvenile literature. _9104992 |
|
| 650 | 0 |
_aNature _xEffect of human beings on. _92630 |
|
| 700 | 1 |
_aMoney, D. C. _9104993 |
|
| 942 |
_2ddc _cBK _k304.2,BRO |
||
| 999 |
_c184777 _d184777 |
||